Pays qui battent les Etats-Unis - Version Noël - Statistiques

Statistiques générales
  • Ce quiz a été pris 1 271 fois
  • Le résultat moyen est 12 sur 20
Statistiques - réponses
Rang Catégorie Pays % Correct
2 Le plus de rennes Canada
92%
5 Le plus près du Pôle Nord Danemark | Canada | Russie | Norvège
92%
4 Record de température le plus froid Danemark | Russie | Canada
85%
2 Qui produit le plus de jouets Chine
84%
4 Le plus de médailles de ski alpin Autriche | Suisse | France
82%
2 Le plus de médailles aux Jeux Olympiques d'hiver Norvège
78%
3 Le plus de cathédrales Italie | Brésil
76%
7 Le plus d'anglicans Nigeria | Royaume-Uni | Ouganda | Soudan | Australie | Kenya
74%
4 Plus gros importateur de saumon en dehors de l'Europe Thailande | Singapour | Chine
67%
8 Le plus de chutes de neige Corée du Sud | Danemark | Népal | Chine | Corée du Nord | Norvège | Russie
64%
3 Qui visite le plus la Finlande en dehors de l'Europe Japon | Chine
62%
3 Le premier à accueillir les Jeux Olympiques d'hiver France | Suisse
59%
2 Le plus peuplé où l'on peut dire officiellement "Christmas" Inde
55%
10 Taux d'obésité le plus élevé Nauru | Palaos | Îles Marshall | Tuvalu | Tonga | Samoa | Kiribati | Micronesie | Koweit
54%
4 Consommation de chocolat la plus importante en dehors de l'Europe Nouvelle Zélande | Australie | (Russie)
45%
4 Plus gros exportateur de bougies Chine | Pologne | Vietnam
40%
3 Plus haute cheminée Kazakhstan | Canada
34%
4 Le sapin de Noël le plus haut (artificiel ou naturel) Brésil | Sri Lanka | Allemagne
30%
2 Plus gros importateur de champagne Royaume-Uni
21%
3 Consommation de dinde la plus importante Israel | Hongrie
1%
Aucun quiz correspondant
Distribution des résultats
% des personnes avec chaque résultat
Percentile par nombre de réponses
Votre historique - résultats
Vous n’avez pas pris ce quiz